Frank Zappa Albums Tile Select - Statistics

General Stats
  • This quiz has been taken 46 times
  • The average score is 49 of 57
Answer Stats
Question Tile Select % Correct
the following songs that are on Hot Rats (1969). Willie the Pimp Yes
100%
the following songs that are on Apostrophe (') (1974). Can't Afford No Shoes No
97%
the following songs that are on Hot Rats (1969). Peaches en Regalia Yes
97%
the following songs that are on Apostrophe (') (1974). Andy No
95%
the following songs that are on Over-Nite Sensation (1973). Blessed Relief No
95%
the following songs that are on Over-Nite Sensation (1973). Eat That Question No
95%
the following songs that are on Over-Nite Sensation (1973). For Calvin (And His Next Two Hitch-Hikers) No
95%
the following songs that are on Apostrophe (') (1974). It Just Might Be a One-Shot Deal No
95%
the following songs that are on Hot Rats (1969). My Guitar Wants to Kill Your Mama No
95%
the following songs that are on We're Only in It for the Money (1968). Sink Trap No
95%
the following songs that are on Apostrophe (') (1974). Stink-Foot Yes
95%
the following songs that are on Hot Rats (1969). Toads of the Short Forest No
95%
the following songs that are on Apostrophe (') (1974). Call Any Vegetable No
92%
the following songs that are on Apostrophe (') (1974). Don't Eat the Yellow Snow Yes
92%
the following songs that are on We're Only in It for the Money (1968). Duodenum No
92%
the following songs that are on We're Only in It for the Money (1968). Later That Night No
92%
the following songs that are on Over-Nite Sensation (1973). Montana Yes
92%
the following songs that are on Apostrophe (') (1974). St. Alfonzo's Pancake Breakfast Yes
92%
the following songs that are on Over-Nite Sensation (1973). Camarillo Brillo Yes
89%
the following songs that are on One Size Fits All (1975). Disco Boy No
89%
the following songs that are on One Size Fits All (1975). Inca Roads Yes
89%
the following songs that are on Joe's Garage Act I or Acts II and III (1979). The Meek Shall Inherit Nothing No
89%
the following songs that are on Sheik Yerbouti (1979). The Ocean Is the Ultimate Solution No
89%
the following songs that are on We're Only in It for the Money (1968). Who Needs the Peace Corps? Yes
89%
the following songs that are on Apostrophe (') (1974). Cosmik Debris Yes
86%
the following songs that are on Over-Nite Sensation (1973). Dinah-Moe Humm Yes
86%
the following songs that are on Joe's Garage Act I or Acts II and III (1979). Drafted Again No
86%
the following songs that are on We're Only in It for the Money (1968). Flower Punk Yes
86%
the following songs that are on Sheik Yerbouti (1979). Spider of Destiny No
86%
the following songs that are on Joe's Garage Act I or Acts II and III (1979). The Central Scrutinizer Yes
86%
the following songs that are on Joe's Garage Act I or Acts II and III (1979). Watermelon in Easter Hay Yes
86%
the following songs that are on One Size Fits All (1975). Wind Up Workin' in a Gas Station No
86%
the following songs that are on Joe's Garage Act I or Acts II and III (1979). A Little Green Rosetta Yes
84%
the following songs that are on Sheik Yerbouti (1979). Dancin' Fool Yes
84%
the following songs that are on Joe's Garage Act I or Acts II and III (1979). Doreen No
84%
the following songs that are on Apostrophe (') (1974). Father O'Blivion Yes
84%
the following songs that are on Joe's Garage Act I or Acts II and III (1979). Lucille Has Messed My Mind Up Yes
84%
the following songs that are on One Size Fits All (1975). The Torture Never Stops No
84%
the following songs that are on Sheik Yerbouti (1979). Find Her Finer No
81%
the following songs that are on Sheik Yerbouti (1979). I'm So Cute Yes
81%
the following songs that are on Hot Rats (1969). It Must Be a Camel Yes
81%
the following songs that are on Hot Rats (1969). Little Umbrellas Yes
81%
the following songs that are on Sheik Yerbouti (1979). Yo' Mama Yes
81%
the following songs that are on We're Only in It for the Money (1968). Are You Hung Up? Yes
78%
the following songs that are on Sheik Yerbouti (1979). I Have Been in You Yes
78%
the following songs that are on We're Only in It for the Money (1968). Let's Make the Water Turn Black Yes
78%
the following songs that are on One Size Fits All (1975). Sofa No. 2 Yes
78%
the following songs that are on Joe's Garage Act I or Acts II and III (1979). Sy Borg Yes
78%
the following songs that are on We're Only in It for the Money (1968). Anyway the Wind Blows No
76%
the following songs that are on One Size Fits All (1975). Po-Jama People Yes
76%
the following songs that are on Sheik Yerbouti (1979). Regyptian Strut No
76%
the following songs that are on One Size Fits All (1975). San Ber'dino Yes
76%
the following songs that are on Joe's Garage Act I or Acts II and III (1979). A Token of My Extreme Yes
70%
the following songs that are on One Size Fits All (1975). Florentine Pogen Yes
70%
the following songs that are on Sheik Yerbouti (1979). City of Tiny Lites Yes
68%
the following songs that are on One Size Fits All (1975). Evelyn, A Modified Dog Yes
65%
the following songs that are on We're Only in It for the Money (1968). The Chrome Plated Megaphone of Destiny Yes
59%
No matching quizzes found
Score Distribution
Percent of People with Each Score
Percentile by Number Answered
Your Score History
You have not taken this quiz